000 00447nam a2200157 i 4500
001 130507
003 ES-MaACL
005 20230906193748.0
007 t|
008 070730s1921 fr ||||1| fre d
100 1 _aZanta, Léontine.
_9117983
245 1 3 _aLa science et l'amour
_b: journal d'une studiante : roman /
_cLéontine Zanta.
260 _aParis :
_bPlon-Nourrit,
_c[1921]
300 _a250 p. ;
_c19 cm.
852 _aES-MaACL
_jF-7477
999 _c130507
_d130507